Normal view
MARC view
- Mechanical Engineering - MS These
Entry Topical Term
001 - CONTROL NUMBER
- control field: 34955
003 - CONTROL NUMBER IDENTIFIER
- control field: NUST
005 - DATE AND TIME OF LATEST TRANSACTION
- control field: 20201109143730.0
008 - FIXED-LENGTH DATA ELEMENTS
- fixed length control field: 201109|| aca||aabn | a|a d
040 ## - CATALOGING SOURCE
- Original cataloging agency: NUST
- Transcribing agency: NUST
150 ## - HEADING--TOPICAL TERM
- Topical term or geographic name entry element: Mechanical Engineering - MS These
670 ## - SOURCE DATA FOUND
- Source citation: Work cat.: (NUST): Rabbani, Tariq 34954, Reduced order modeling of loads on a vertical axis wind turbine /, 2013.
